• 首页
  • 本馆介绍
  • 公告通知
  • 最新文献
  • 馆藏检索
  • 电子资源
  • 读者导购
  • 参考咨询
  • 我的图书馆
  • 登录
  • 详细信息显示
  • 放入我的书架
  • 预约/预借图书
  • 作者相关作品
  • 分类相关作品
  • 丛书相关作品
  • 出版社相关作品

书目信息

  • 表格格式
  • 工作单格式
  • 卡片格式
题名:
《中华人民共和国保险法》释义
    
 
作者: 吴定富 主编
分册:  
出版信息: 北京   中国财政经济出版社  2009
页数: 447页
开本: 23cm
丛书名:
单 册:
中图分类: D922.284.5
科图分类:
主题词: 保险法--法律解释--中国 , 保险法 , 法律解释
电子资源:
ISBN: 978-7-5095-1543-3
000 00864nam0 2200253 45
001 1050847672
005 20100415110054.73
010    @a978-7-5095-1543-3@dCNY29.00
100    @a20100409d2009 em y0chiy0110 ea
101 0  @achi
102    @aCN@b110000
105    @ay zn 000yy
106    @ar
200 1  @a《中华人民共和国保险法》释义@A《 Zhong Hua Ren Min Gong He Guo Bao Xian Fa》 Shi Yi@f吴定富主编@FWu Ding Fu Zhu Bian
210    @a北京@c中国财政经济出版社@d2009
215    @a447页@d23cm
330    @a本书对新《保险法》的每一个条文进行了详细解读,阐释立法本意,介绍相关立法例,引用有关法规、规章和司法解释,以案说案。
606 0  @a保险法@x法律解释@y中国
606 0  @a保险法
606 0  @a法律解释
690    @aD922.284.5@v4
701  0 @a吴定富@AWu Ding Fu@f(1946~)@4主编
801  0 @aCN@bTANGWEI@c20100415
905    @b0591062-66@dD922.284.5@e901@f5
    
    《中华人民共和国保险法》释义/吴定富主编.-北京:中国财政经济出版社,2009
    447页;23cm
    
    
    ISBN 978-7-5095-1543-3:CNY29.00
    本书对新《保险法》的每一个条文进行了详细解读,阐释立法本意,介绍相关立法例,引用有关法规、规章和司法解释,以案说案。
●
相关链接 在E读中查询图书 在五车中查询图书 在当当中查询图书 在豆瓣中查询图书


正题名:《中华人民共和国保险法》释义     索取号:D922.284.5/901         预约/预借

序号 登录号 条形码 馆藏地/架位号 状态 备注
1 0591062   205910629   第一样本阅览室/ [索取号:D922.284.5/901] 在馆    
2 0591063   205910638   密集书库-海洋学院/ [索取号:D922.284.5/901] 在馆    
3 0591064   205910647   第一借阅区/ [索取号:D922.284.5/901] 在馆    
4 0591065   205910656   第一借阅区/ [索取号:D922.284.5/901] 在馆    
5 0591066   205910665   第一借阅区/ [索取号:D922.284.5/901] 在馆    
欢迎您!
大连网信软件有限公司© 版权所有